|
|
|
|
| LEADER |
00000naa2a2200000 4500 |
| 001 |
632399 |
| 005 |
20241017092629.0 |
| 035 |
|
|
|a (RuTPU)RU\TPU\conf\34107
|
| 035 |
|
|
|a RU\TPU\conf\34103
|
| 090 |
|
|
|a 632399
|
| 100 |
|
|
|a 20201123d2020 k y0rusy50 ca
|
| 101 |
0 |
|
|a rus
|
| 102 |
|
|
|a RU
|
| 105 |
|
|
|a y z 101zy
|
| 135 |
|
|
|a drgn ---uucaa
|
| 181 |
|
0 |
|a i
|
| 182 |
|
0 |
|a b
|
| 200 |
1 |
|
|a Электро-мембранное разделение ионов редкоземельных металлов
|f М. О. Копцев, Д. Б. Мухамбеталин
|g науч. рук. В. В. Сохорева
|
| 203 |
|
|
|a Текст
|c электронный
|
| 225 |
1 |
|
|a Селекция и глубокая очистка трудно разделяемых веществ физико-химическими методами
|
| 300 |
|
|
|a Заглавие с титульного экрана
|
| 320 |
|
|
|a [Библиогр.: с. 84 (3 назв.)]
|
| 463 |
|
0 |
|0 (RuTPU)RU\TPU\conf\34043
|t Изотопы: технологии, материалы и применение
|o сборник тезисов докладов VI Международной научной конференции молодых ученых, аспирантов и студентов, г. Томск, 26-29 октября 2020 г.
|f Национальный исследовательский Томский политехнический университет (ТПУ)
|v [С. 84]
|d 2020
|
| 610 |
1 |
|
|a электронный ресурс
|
| 610 |
1 |
|
|a труды учёных ТПУ
|
| 610 |
1 |
|
|a электро-мембранное разделение
|
| 610 |
1 |
|
|a редкоземельные металлы
|
| 610 |
1 |
|
|a очистка
|
| 610 |
1 |
|
|a разделение
|
| 610 |
1 |
|
|a радионуклидная терапия
|
| 610 |
1 |
|
|a поверхности
|
| 610 |
1 |
|
|a пористость
|
| 700 |
|
1 |
|a Копцев
|b М.
|c физик
|c инженер Томского политехнического университета
|f 1994-
|g Максим
|3 (RuTPU)RU\TPU\pers\47298
|
| 701 |
|
1 |
|a Мухамбеталин
|b Д. Б.
|c физик
|c старший преподаватель Томского политехнического университета
|f 1996-
|g Данышпан Болатулы
|y Томск
|9 88539
|
| 702 |
|
1 |
|a Сохорева
|b В. В.
|c физик
|c старший научный сотрудник Томского политехнического университета
|f 1944-
|g Валентина Викторовна
|4 727
|
| 712 |
0 |
2 |
|a Национальный исследовательский Томский политехнический университет
|b Инженерная школа ядерных технологий
|b Научная лаборатория радиоактивных веществ и технологий
|3 (RuTPU)RU\TPU\col\25818
|
| 801 |
|
2 |
|a RU
|b 63413507
|c 20230209
|g RCR
|
| 856 |
4 |
|
|u http://earchive.tpu.ru/handle/11683/63980
|
| 942 |
|
|
|c BK
|